[Event "Tournoi des Presidents"]
[Site "Chambly CAN"]
[Date "2025.10.01"]
[Round "4.9"]
[White "Cournoyer, Raphael"]
[Black "Choquette, Maxime"]
[Result "1/2-1/2"]
[WhiteElo "1800"]
[BlackElo "1603"]
[WhiteFideId "-1"]
[WhiteFideId "-1"]
[PlyCount "87"]
[GameId "2230372654665804"]
[EventDate "2025.09.10"]
[EventType "swiss"]
[EventRounds "4"]
[EventCountry "CAN"]

1. d4 d5 2. Nf3 Bf5 3. c4 c6 4. Nc3 e6 5. g3 Nf6 6. Bg2 dxc4 7. Ne5 Bb4 8. O-O O-O 9. Nxc4 Nbd7 10. Qb3 Bxc3 11. bxc3 Nb6 12. Bg5 Nxc4 13. Qxc4 h6 14. Bxf6 Qxf6 15. e4 Bh7 16. Rab1 Qe7 17. f4 Kh8 18. Rb3 Rfc8 19. Qe2 Rab8 20. e5 c5 21. Be4 cxd4 22. cxd4 Bxe4 23. Qxe4 Rc7 24. f5 exf5 25. Qxf5 g6 26. Qe4 Rd8 27. Rbf3 Qe6 28. Qh4 g5 29. Qe4 Qxa2 30. Rf6 Kg7 31. e6 Rf8 32. exf7 Qc2 33. Qe5 Kh7 34. h4 Rc6 35. Rxc6 bxc6 36. Rf6 Qd1+ 37. Kg2 Qg4 38. hxg5 Qxg5 39. Rxc6 Qxe5 40. dxe5 Rxf7 41. g4 Re7 42. Kf3 Rxe5 43. Rc7+ Kg6 44. Rxa7 1/2-1/2

[Event "Tournoi des Presidents U1400"]
[Site "Chambly CAN"]
[Date "2025.09.10"]
[Round "1.10"]
[White "Monette, Andre"]
[Black "Lemieux, Serge"]
[Result "0-1"]
[WhiteElo "1145"]
[BlackElo "1381"]
[WhiteFideId "-1"]
[WhiteFideId "-1"]
[PlyCount "93"]
[GameId "2230372654600211"]
[EventDate "2025.09.10"]
[EventType "swiss"]
[EventRounds "4"]
[EventCountry "CAN"]

1. e4 e6 2. Nf3 d5 3. c3 Nf6 4. e5 Nfd7 5. d4 c5 6. Be3 Nc6 7. b3 Be7 8. Bb5 cxd4 9. Bxd4 Nxd4 10. Qxd4 O-O 11. b4 a6 12. Bxd7 Bxd7 13. O-O Rc8 14. Nbd2 Bb5 15. Rfc1 Bc4 16. a4 b6 17. a5 bxa5 18. Rxa5 Bb5 19. Qg4 h6 20. h4 Qc7 21. Ra3 h5 22. Qh3 Bxb4 23. Rb3 Bc5 24. Re1 Ba4 25. Rbb1 Qa7 26. Qg3 Be7 27. Nd4 Bc5 28. Qe3 Bc2 29. Rbc1 Bg6 30. N2f3 Ba3 31. Ra1 Bb2 32. Ra2 Bxc3 33. Nc6 Qc7 34. Qxc3 Qxc6 35. Qxc6 Rxc6 36. Nd4 Rb6 37. Rc1 Bd3 38. Ra3 Bb5 39. f3 Rfb8 40. Rb3 Bc4 41. Rxb6 Rxb6 42. Ra1 Kf8 43. Kf2 Ke7 44. Ke3 Kd7 45. g4 hxg4 46. fxg4 Rb2 47. Rxa6 0-1

[Event "Tournoi des Presidents U1400"]
[Site "Chambly CAN"]
[Date "2025.09.10"]
[Round "1.11"]
[White "Morasse, Daniel"]
[Black "Savard, Alain"]
[Result "1-0"]
[WhiteElo "1351"]
[BlackElo "1138"]
[WhiteFideId "-1"]
[WhiteFideId "-1"]
[PlyCount "89"]
[GameId "2230372654600212"]
[EventDate "2025.09.10"]
[EventType "swiss"]
[EventRounds "4"]
[EventCountry "CAN"]

1. e4 e6 2. d4 d5 3. Nd2 c5 4. c3 Nc6 5. Ngf3 Qb6 6. exd5 exd5 7. Nb3 Nf6 8. Be2 Be7 9. O-O O-O 10. Nxc5 Bxc5 11. dxc5 Qxc5 12. h3 Be6 13. Bd3 Ne7 14. Be3 Qd6 15. b4 Rfd8 16. Bc5 Qd7 17. Ne5 Qc7 18. Bd4 Qc8 19. Qf3 Nc6 20. Nxc6 Qxc6 21. Bxf6 gxf6 22. Qxf6 Rd6 23. Qg5+ Kf8 24. Bxh7 b6 25. Qg3 Rc8 26. b5 Qc5 27. Kh1 Ke7 28. Qg5+ Kd7 29. Rac1 Qxb5 30. Bf5 Kc6 31. Bxe6 fxe6 32. Qe5 Rcd8 33. Rfd1 Qc4 34. Rd2 b5 35. Rdc2 a5 36. g3 Qc5 37. h4 Rf8 38. Qd4 Qa3 39. Rb1 Rd7 40. Qd3 Qc5 41. a4 Rb7 42. Rcb2 b4 43. cxb4 axb4 44. Rc2 Rxf2 45. Rxc5+ 1-0

[Event "Tournoi des Presidents U1400"]
[Site "Chambly CAN"]
[Date "2025.09.10"]
[Round "1.12"]
[White "Tarte, Ariste"]
[Black "St-Laurent, Luc"]
[Result "0-1"]
[WhiteElo "1134"]
[BlackElo "1310"]
[WhiteFideId "-1"]
[WhiteFideId "-1"]
[PlyCount "90"]
[GameId "2230372654600213"]
[EventDate "2025.09.10"]
[EventType "swiss"]
[EventRounds "4"]
[EventCountry "CAN"]

1. e4 c5 2. Bc4 Nc6 3. d3 e6 4. Nf3 a6 5. O-O g6 6. Be3 d6 7. Nbd2 Bg7 8. c3 Nge7 9. Qb3 b5 10. Bxb5 axb5 11. Qxb5 Ba6 12. Qb3 Bxd3 13. Rfd1 Qb8 14. Nc4 Bxc4 15. Qxc4 Qxb2 16. Qd3 Rd8 17. Bd2 O-O 18. g3 Ne5 19. Qe3 Nc4 20. Qd3 Nxd2 21. Nxd2 Qxc3 22. Qb1 Rb8 23. Nb3 c4 24. Rc1 Qb4 25. a3 Qxb3 26. Qxb3 Rxb3 27. Ra2 c3 28. a4 Rfb8 29. Kg2 Ra8 30. a5 Nc6 31. a6 Nb4 32. Ra4 Rxa6 33. Rxa6 Nxa6 34. Kf1 Nb4 35. Ke2 c2 36. Kd2 Rb1 37. Rxc2 Nxc2 38. Kxc2 Rb2+ 39. Kd3 Rxf2 40. h3 Rf3+ 41. Ke2 Rxg3 42. e5 d5 43. Kf2 Rxh3 44. Kg2 Re3 45. Kf2 Rxe5 0-1

[Event "Tournoi des Presidents U1400"]
[Site "Chambly CAN"]
[Date "2025.09.10"]
[Round "1.13"]
[White "Hebert, Sebastien"]
[Black "Raymond, Pierre"]
[Result "1-0"]
[WhiteElo "1309"]
[BlackElo "1093"]
[WhiteFideId "-1"]
[WhiteFideId "-1"]
[PlyCount "53"]
[GameId "2230372654600214"]
[EventDate "2025.09.10"]
[EventType "swiss"]
[EventRounds "4"]
[EventCountry "CAN"]

1. e4 c5 2. Nf3 g6 3. Nc3 e6 4. d4 cxd4 5. Qxd4 f6 6. Bb5 a6 7. Ba4 b5 8. Bb3 Nc6 9. Qd1 Bh6 10. O-O Bxc1 11. Qxc1 Na5 12. Rd1 h5 13. Bxe6 Nh6 14. Bd5 Rb8 15. a3 Qc7 16. h3 Bb7 17. Bxb7 Nxb7 18. Nd5 Qc6 19. e5 Nc5 20. Nxf6+ Kf7 21. b4 Ne6 22. Rxd7+ Qxd7 23. Nxd7 Rbc8 24. Ng5+ Nxg5 25. Qxg5 Rc6 26. Rd1 Nf5 27. Nc5 1-0

[Event "Tournoi des Presidents U1400"]
[Site "Chambly CAN"]
[Date "2025.09.10"]
[Round "1.14"]
[White "Roy, Nicholas"]
[Black "Bonin, Francis"]
[Result "0-1"]
[WhiteElo "1024"]
[BlackElo "1295"]
[WhiteFideId "-1"]
[WhiteFideId "-1"]
[PlyCount "78"]
[GameId "2230372654600215"]
[EventDate "2025.09.10"]
[EventType "swiss"]
[EventRounds "4"]
[EventCountry "CAN"]

1. d4 d5 2. Nf3 Bf5 3. g3 Nf6 4. c4 e6 5. Nc3 Bb4 6. Qa4+ Nc6 7. a3 Bxc3+ 8. bxc3 O-O 9. Bg2 Ne4 10. Qb3 Na5 11. Qb4 Nxc4 12. Nd2 Ncxd2 13. Bxd2 Nxd2 14. Kxd2 b6 15. h4 g5 16. Rhc1 c6 17. c4 a5 18. Qb3 Rb8 19. cxd5 cxd5 20. Qb5 Rc8 21. e3 Qd6 22. a4 Qb4+ 23. Qxb4 axb4 24. Rxc8 Rxc8 25. Rc1 Ra8 26. Ra1 b3 27. Kc3 Bc2 28. Bf1 Rc8+ 29. Kb2 f5 30. Be2 Kf7 31. Bd1 Rc4 32. Bxc2 Rxc2+ 33. Kxb3 Rxf2 34. Ra2 Rxa2 35. Kxa2 Ke7 36. Kb3 Kd6 37. Kc3 Kc6 38. Kd3 b5 39. axb5+ Kxb5 0-1

[Event "Tournoi des Presidents U1400"]
[Site "Chambly CAN"]
[Date "2025.09.10"]
[Round "1.15"]
[White "Alameddine, Karim"]
[Black "Capotorto, Michele"]
[Result "1-0"]
[WhiteElo "1282"]
[BlackElo "956"]
[WhiteFideId "-1"]
[WhiteFideId "-1"]
[PlyCount "136"]
[GameId "2230372654600216"]
[EventDate "2025.09.10"]
[EventType "swiss"]
[EventRounds "4"]
[EventCountry "CAN"]

1. e4 e5 2. d3 Nc6 3. c3 d6 4. h3 Nf6 5. Nf3 Be6 6. g3 Be7 7. Bg2 O-O 8. O-O Qd7 9. Ng5 d5 10. Nxe6 Qxe6 11. Qe2 b6 12. Bg5 g6 13. Bxf6 Qxf6 14. exd5 Na5 15. Nd2 Rad8 16. Ne4 Qf5 17. b4 Nb7 18. Nd2 Bd6 19. Kh2 Rd7 20. a3 a5 21. h4 Qf6 22. Ne4 Qe7 23. Qe3 Kg7 24. Bh3 Rdd8 25. Bg4 h6 26. Bf3 f5 27. Nd2 Qd7 28. Bg2 f4 29. Qe4 fxg3+ 30. fxg3 Rf6 31. Rxf6 Kxf6 32. Bh3 Qe7 33. Be6 Rf8 34. Qe3 Kg7 35. Ne4 Qe8 36. Nf2 Nd8 37. Bh3 Qf7 38. Rf1 Qxd5 39. Ng4 Qa2+ 40. Kg1 Nf7 41. Nf6 Qxa3 42. Kh1 Qxc3 43. Nd5 Qc6 44. Bg2 Qd7 45. b5 Qxb5 46. Qe4 Qb2 47. Rf6 Qc1+ 48. Kh2 Nh8 49. Rxf8 Kxf8 50. Qf3+ Kg7 51. Qf6+ Kh7 52. h5 e4 53. hxg6+ Nxg6 54. Qf7+ Kh8 55. Qxg6 Bc5 56. Qe8+ Kg7 57. Qe5+ Kg6 58. Bxe4+ Kf7 59. Qf6+ Kg8 60. Qg6+ Kf8 61. Qf6+ Kg8 62. Qd8+ Kg7 63. Qxc7+ Kf8 64. Qc8+ Kf7 65. Qd7+ Kf8 66. Qd8+ Kg7 67. Ne7 Bxe7 68. Qxe7+ Kg8 {et les Blancs ont remporté la victoire quelques coups plus tard.} 1-0

[Event "Tournoi des Presidents U1400"]
[Site "Chambly CAN"]
[Date "2025.09.17"]
[Round "2.10"]
[White "Lemieux, Serge"]
[Black "Alameddine, Karim"]
[Result "1/2-1/2"]
[WhiteElo "1381"]
[BlackElo "1282"]
[WhiteFideId "-1"]
[WhiteFideId "-1"]
[PlyCount "96"]
[GameId "2230372654665766"]
[EventDate "2025.09.10"]
[EventType "swiss"]
[EventRounds "4"]
[EventCountry "CAN"]

1. d4 d6 2. Bf4 e6 3. Nf3 h6 4. e3 a6 5. Bd3 g6 6. O-O Bg7 7. c4 Qe7 8. Nbd2 Nf6 9. Rc1 Nbd7 10. Qa4 O-O 11. Qc2 Kh7 12. Nh4 Qe8 13. Ndf3 Rg8 14. Rfe1 Nh5 15. Bg3 Bf6 16. Re2 Nf8 17. e4 e5 18. dxe5 Nxg3 19. fxg3 dxe5 20. Rf1 Bg7 21. c5 Ne6 22. Bc4 Rf8 23. b4 Bd7 24. Qc3 Bb5 25. Rd2 Bxc4 26. Qxc4 Rc8 27. Rfd1 Rd8 28. Ne1 Rxd2 29. Rxd2 Qe7 30. Nhf3 Nd4 31. Nc2 Rd8 32. Ncxd4 exd4 33. Qd3 Qe8 34. Qe2 Qa4 35. Qc4 Qe8 36. Qd3 Qe6 37. Rf2 Re8 38. e5 Rd8 39. Re2 Rd5 40. Re4 Bxe5 41. a3 f5 42. Re2 Qf6 43. Nxe5 Rxe5 44. Qxd4 Re6 45. Qxf6 Rxf6 46. Re7+ Kg8 47. Rxc7 b6 48. cxb6 Rxb6 1/2-1/2

[Event "Tournoi des Presidents U1400"]
[Site "Chambly CAN"]
[Date "2025.09.17"]
[Round "2.11"]
[White "Frechette, Gabriel"]
[Black "Morasse, Daniel"]
[Result "1-0"]
[WhiteElo "1221"]
[BlackElo "1351"]
[WhiteFideId "-1"]
[WhiteFideId "-1"]
[PlyCount "152"]
[GameId "2230372654665767"]
[EventDate "2025.09.10"]
[EventType "swiss"]
[EventRounds "4"]
[EventCountry "CAN"]

1. d4 d5 2. c4 e6 3. Nf3 Nf6 4. g3 c5 5. cxd5 exd5 6. Bg2 Nc6 7. O-O h6 8. Nc3 Be6 9. e3 cxd4 10. Nxd4 Nxd4 11. Qxd4 Be7 12. Bd2 O-O 13. Rac1 Qd7 14. e4 Bh3 15. Nxd5 Nxd5 16. Qxd5 Qxd5 17. exd5 Bxg2 18. Kxg2 Rfd8 19. Rc7 Rxd5 20. Rxe7 Rxd2 21. Rxb7 Re8 22. Rc1 Ree2 23. Rc8+ Kh7 24. Rxf7 Rxb2 25. Rcc7 Rxa2 26. Rxg7+ Kh8 27. Rh7+ Kg8 28. Rhg7+ Kh8 29. Rgf7 Kg8 30. Rxa7 Rxf2+ 31. Rxf2 Rxa7 32. Rf6 Kg7 33. Re6 Kh7 34. Kh3 Ra5 35. Kh4 Rb5 36. h3 Rc5 37. Rb6 Rd5 38. g4 Rc5 39. Rb7+ Kg6 40. Rb6+ Kg7 41. Rb7+ Kg6 42. Rb6+ Kg7 43. Rb3 Kg6 44. Re3 Kg7 45. Re6 Kh7 46. Rf6 Kg7 47. Rf5 Rc4 48. Kh5 Rc6 49. Rb5 Rd6 50. Rb7+ Kg8 51. Rb8+ Kg7 52. Rb7+ Kg8 53. Rc7 Kh8 54. h4 Re6 55. g5 hxg5 56. hxg5 Kg8 57. Kg4 Rd6 58. Kf5 Rd5+ 59. Kf6 Rd6+ 60. Ke5 Rg6 61. Kf5 Rd6 62. Re7 Kf8 63. Re6 Rd5+ 64. Kf6 Rd1 65. Re5 Rd6+ 66. Re6 Rd1 67. Rc6 Rf1+ 68. Kg6 Ke7 69. Rc7+ Ke6 70. Rc6+ Ke7 71. Rf6 Rg1 72. Kh6 Rh1+ 73. Kg7 Rg1 74. Rf7+ Ke6 75. g6 Rg4 76. Ra7 Rg5 1-0

[Event "Tournoi des Presidents U1400"]
[Site "Chambly CAN"]
[Date "2025.09.17"]
[Round "2.12"]
[White "St-Laurent, Luc"]
[Black "Gutierrez, Santiago"]
[Result "1-0"]
[WhiteElo "1310"]
[BlackElo "1188"]
[WhiteFideId "-1"]
[WhiteFideId "-1"]
[PlyCount "87"]
[GameId "2230372654665768"]
[EventDate "2025.09.10"]
[EventType "swiss"]
[EventRounds "4"]
[EventCountry "CAN"]

1. d4 d5 2. Nf3 Nf6 3. g3 e6 4. Bg2 Be7 5. O-O Nbd7 6. c4 b6 7. Nc3 c6 8. Qa4 Qc7 9. cxd5 exd5 10. Bf4 Bd6 11. Bxd6 Qxd6 12. b4 Bb7 13. a3 O-O 14. Qc2 Rac8 15. Nd2 Rfe8 16. e4 dxe4 17. Ndxe4 Nxe4 18. Nxe4 Qxd4 19. Rad1 Qe5 20. Rxd7 Qb8 21. Nd6 Red8 22. Rxd8+ Rxd8 23. Nxb7 Qxb7 24. Qxc6 Qxc6 25. Bxc6 Rd6 26. Re1 Re6 27. Rxe6 fxe6 28. b5 Kf7 29. f4 e5 30. fxe5 Ke6 31. Be4 g6 32. Kf2 Kxe5 33. Ke3 Kd6 34. Kd4 Ke6 35. g4 Kd6 36. g5 Ke6 37. h4 Kd6 38. Bd5 Ke7 39. Bg8 Kf8 40. Bxh7 Kg7 41. Bxg6 Kxg6 42. Kd5 Kh5 43. Kc6 Kxh4 44. g6 1-0

[Event "Tournoi des Presidents U1400"]
[Site "Chambly CAN"]
[Date "2025.09.17"]
[Round "2.13"]
[White "Joyal, Logan"]
[Black "Hebert, Sebastien"]
[Result "1/2-1/2"]
[WhiteElo "1150"]
[BlackElo "1309"]
[WhiteFideId "-1"]
[WhiteFideId "-1"]
[PlyCount "98"]
[GameId "2230372654665769"]
[EventDate "2025.09.10"]
[EventType "swiss"]
[EventRounds "4"]
[EventCountry "CAN"]

1. e4 e5 2. Nf3 Nc6 3. Bc4 h6 4. O-O Nf6 5. Re1 d6 6. d4 Bg4 7. Bb5 a6 8. dxe5 axb5 9. exf6 Qxf6 10. Nc3 Bxf3 11. Qxf3 Qxf3 12. gxf3 Nd4 13. Rd1 c5 14. Rxd4 cxd4 15. Nxb5 Rc8 16. Nxd4 Be7 17. Nf5 g6 18. Nxh6 Rxc2 19. Be3 Bf8 20. Ng4 Bg7 21. Rd1 f5 22. exf5 gxf5 23. Rxd6 fxg4 24. Rg6 Kf7 25. Rxg4 Rxb2 26. Rxg7+ Kxg7 27. Bd4+ Kg6 28. Bxb2 Rc8 29. a3 b5 30. Kg2 Rc2 31. Be5 Kf5 32. Bd6 Rc6 33. Bf8 Rc8 34. Bb4 Rg8+ 35. Kf1 Kf4 36. Ke2 Re8+ 37. Kd3 Kxf3 38. Bc5 Re4 39. h3 Rh4 40. Kc3 Kg2 41. Be3 Kxh3 42. f4 Kg4 43. Kb4 Rh5 44. Bc5 Kxf4 45. Kxb5 Ke4 46. a4 Kd5 47. a5 Rh6 48. Bb6 Rh8 49. a6 Ra8 1/2-1/2

[Event "Tournoi des Presidents U1400"]
[Site "Chambly CAN"]
[Date "2025.09.17"]
[Round "2.16"]
[White "Tazi, Mohammed"]
[Black "Roy, Nicholas"]
[Result "1-0"]
[WhiteElo "1167"]
[BlackElo "1024"]
[WhiteFideId "-1"]
[WhiteFideId "-1"]
[PlyCount "115"]
[GameId "2230372654665772"]
[EventDate "2025.09.10"]
[EventType "swiss"]
[EventRounds "4"]
[EventCountry "CAN"]

1. d4 d5 2. c4 e6 3. Nc3 c5 4. e3 Nf6 5. Nf3 Nc6 6. cxd5 exd5 7. Bb5 Bd6 8. Bxc6+ bxc6 9. O-O O-O 10. Re1 Ne4 11. h3 Re8 12. Nd2 Qc7 13. Ndxe4 dxe4 14. f4 exf3 15. dxc5 Bg3 16. Rf1 f2+ 17. Kh1 Bxh3 18. gxh3 f5 19. Qf3 Rf8 20. Kg2 Bh4 21. Nd1 Rf6 22. Nxf2 Rg6+ 23. Kh1 Rg3 24. Qxf5 Rf8 25. Qe6+ Kh8 26. Bd2 Rgf3 27. Qg4 Qg3 28. Rg1 Qxg4 29. Nxg4 Rxh3+ 30. Nh2 Rf2 31. Rg2 Rxg2 32. Kxg2 Rg3+ 33. Kh1 Kg8 34. Rf1 Bf6 35. Rf3 Rg5 36. b4 Kf7 37. Bc3 Ke6 38. Bxf6 gxf6 39. Nf1 Rf5 40. Kg2 Ke5 41. Rxf5+ Kxf5 42. Kf3 Ke5 43. Nd2 f5 44. a3 h6 45. a4 Ke6 46. Kf4 a5 47. bxa5 Kd7 48. Kxf5 Kc7 49. e4 h5 50. Kg5 h4 51. Kxh4 Kb7 52. e5 Ka6 53. Nc4 Kb7 54. e6 Kc7 55. a6 Kb8 56. e7 Ka7 57. e8=Q Kxa6 58. Qa8# 1-0

[Event "Tournoi des Presidents U1400"]
[Site "Chambly CAN"]
[Date "2025.09.17"]
[Round "2.17"]
[White "Capotorto, Michele"]
[Black "Monette, Andre"]
[Result "1-0"]
[WhiteElo "956"]
[BlackElo "1145"]
[WhiteFideId "-1"]
[WhiteFideId "-1"]
[PlyCount "57"]
[GameId "2230372654665773"]
[EventDate "2025.09.10"]
[EventType "swiss"]
[EventRounds "4"]
[EventCountry "CAN"]

1. e4 e5 2. Nf3 Nc6 3. Nc3 Bc5 4. Qe2 d6 5. d3 h6 6. Bd2 Bg4 7. h3 Nd4 8. Qd1 Nxf3+ 9. gxf3 Bh5 10. Be2 Qh4 11. Rf1 g6 12. Be3 Bxe3 13. Nd5 Bb6 14. Qd2 f5 15. O-O-O f4 16. Qc3 c6 17. d4 exd4 18. Rxd4 cxd5 19. Rxd5 Qf6 20. Bb5+ Kd8 21. Qd3 Bc5 22. Re1 Kc7 23. e5 Qf8 24. exd6+ Bxd6 25. Qc4+ Kb6 26. Qd4+ Bc5 27. Re6+ Kxb5 28. Qd3+ Ka5 29. Qc3+ 1-0

[Event "Tournoi des Presidents U1400"]
[Site "Chambly CAN"]
[Date "2025.09.24"]
[Round "3.10"]
[White "Bonin, Francis"]
[Black "St-Laurent, Luc"]
[Result "1-0"]
[WhiteElo "1295"]
[BlackElo "1310"]
[WhiteFideId "-1"]
[WhiteFideId "-1"]
[PlyCount "59"]
[GameId "2230372654665785"]
[EventDate "2025.09.10"]
[EventType "swiss"]
[EventRounds "4"]
[EventCountry "CAN"]

1. e4 c5 2. Nf3 d6 3. Bc4 e6 4. O-O Nc6 5. d3 a6 6. a4 g6 7. c3 Bg7 8. Re1 Nge7 9. d4 cxd4 10. cxd4 Qb6 11. e5 d5 12. Bf1 Nf5 13. a5 Qc7 14. Bf4 Bd7 15. Nc3 Nfe7 16. Qd2 Nxa5 17. Nxd5 Nxd5 18. Rxa5 Bf8 19. Rxd5 a5 20. Rxd7 Qxd7 21. Qe2 Rc8 22. Qb5 Qxb5 23. Bxb5+ Kd8 24. Bg5+ Be7 25. Bf6 Bxf6 26. exf6 Rc2 27. Rb1 Kc7 28. Bd3 Rc6 29. Ne5 Rb6 30. Rc1+ 1-0

[Event "Tournoi des Presidents U1400"]
[Site "Chambly CAN"]
[Date "2025.09.24"]
[Round "3.11"]
[White "Lemieux, Serge"]
[Black "Frechette, Gabriel"]
[Result "0-1"]
[WhiteElo "1381"]
[BlackElo "1221"]
[WhiteFideId "-1"]
[WhiteFideId "-1"]
[PlyCount "82"]
[GameId "2230372654665786"]
[EventDate "2025.09.10"]
[EventType "swiss"]
[EventRounds "4"]
[EventCountry "CAN"]

1. d4 Nf6 2. c4 e6 3. Nc3 d5 4. Bf4 a6 5. cxd5 exd5 6. Nf3 Be7 7. e3 Nc6 8. a3 Bg4 9. Bd3 O-O 10. O-O Re8 11. h3 Bh5 12. Bg3 Qd7 13. Rc1 Nd8 14. Be2 c6 15. Ne5 Bxe2 16. Nxd7 Bxd1 17. Nxf6+ Bxf6 18. Rfxd1 Ne6 19. f4 Re7 20. Bf2 h5 21. Na4 Nc7 22. Nc5 Nb5 23. Nd3 Nd6 24. Ne5 g6 25. g3 Bxe5 26. dxe5 Ne4 27. Be1 Re6 28. Kg2 g5 29. Bc3 gxf4 30. exf4 Kh7 31. f5 Nxc3 32. Rxc3 Rxe5 33. g4 Rae8 34. Rd2 Kh6 35. Rf2 Kg5 36. f6 hxg4 37. hxg4 R8e6 38. Rcf3 Re2 39. Rf5+ Kxg4 40. R5f4+ Kg5 41. Kg3 Rxf2 0-1

[Event "Tournoi des Presidents U1400"]
[Site "Chambly CAN"]
[Date "2025.09.24"]
[Round "3.12"]
[White "Hebert, Sebastien"]
[Black "Laplante, Germain"]
[Result "1-0"]
[WhiteElo "1309"]
[BlackElo "1231"]
[WhiteFideId "-1"]
[WhiteFideId "-1"]
[PlyCount "77"]
[GameId "2230372654665787"]
[EventDate "2025.09.10"]
[EventType "swiss"]
[EventRounds "4"]
[EventCountry "CAN"]

1. e4 c6 2. Nf3 d5 3. exd5 cxd5 4. d4 h6 5. h3 Bf5 6. Bd3 Be4 7. Nc3 Bxf3 8. Qxf3 e6 9. O-O Nf6 10. Re1 Be7 11. Bf4 a6 12. a3 Nc6 13. Be3 O-O 14. b4 b5 15. Ne2 Qb6 16. c3 Rfc8 17. Rac1 Bf8 18. Bxh6 e5 19. Bf5 e4 20. Qg3 Rc7 21. Bf4 Nh5 22. Qh4 g6 23. Bxc7 Qxc7 24. Bxe4 dxe4 25. Qxe4 Kg7 26. Ng3 Nf6 27. Qc2 Rc8 28. Qb3 Nxd4 29. cxd4 Qxc1 30. Rxc1 Rxc1+ 31. Kh2 Bd6 32. d5 Rc4 33. Qd3 Ne4 34. Qe3 f5 35. Kg1 Rc3 36. Qd4+ Kh6 37. Nf1 Rxa3 38. h4 Rb3 39. Qh8# 1-0

[Event "Tournoi des Presidents U1400"]
[Site "Chambly CAN"]
[Date "2025.09.24"]
[Round "3.13"]
[White "Alameddine, Karim"]
[Black "Joyal, Logan"]
[Result "0-1"]
[WhiteElo "1282"]
[BlackElo "1150"]
[WhiteFideId "-1"]
[WhiteFideId "-1"]
[PlyCount "74"]
[GameId "2230372654665788"]
[EventDate "2025.09.10"]
[EventType "swiss"]
[EventRounds "4"]
[EventCountry "CAN"]

1. e4 e5 2. d3 Nf6 3. h3 d5 4. Qe2 Nc6 5. c3 Bc5 6. Nf3 d4 7. a3 O-O 8. c4 h6 9. g3 a6 10. Bg2 b5 11. b4 Be7 12. c5 a5 13. bxa5 Bxc5 14. Bd2 b4 15. axb4 Nxb4 16. O-O Nxd3 17. Rd1 Ba6 18. Be1 Qd6 19. Rxd3 Bxd3 20. Qxd3 Bb4 21. Bxb4 Qxb4 22. Nxe5 Rxa5 23. Rxa5 Qe1+ 24. Kh2 Qxa5 25. Nd2 Qxe5 26. f4 Qh5 27. Bf3 Qa5 28. Nc4 Qa2+ 29. Bg2 c5 30. Nd2 Rb8 31. Nc4 Rb3 32. Qf1 Nxe4 33. Ne5 Rxg3 34. Nd3 Nd2 35. Qe2 Re3 36. Qg4 Nf3+ 37. Kg3 Ne5+ 0-1

[Event "Tournoi des Presidents U1400"]
[Site "Chambly CAN"]
[Date "2025.09.24"]
[Round "3.16"]
[White "Tarte, Ariste"]
[Black "Doyon, Martin"]
[Result "1/2-1/2"]
[WhiteElo "1134"]
[BlackElo "1298"]
[WhiteFideId "-1"]
[WhiteFideId "-1"]
[PlyCount "119"]
[GameId "2230372654665791"]
[EventDate "2025.09.10"]
[EventType "swiss"]
[EventRounds "4"]
[EventCountry "CAN"]

1. e4 d6 2. d4 Nf6 3. Nc3 g6 4. Nf3 Bg7 5. Bc4 O-O 6. Be3 c6 7. Qd2 b5 8. Bd3 Re8 9. Bh6 Bh8 10. O-O Ng4 11. Rad1 Nxh6 12. Qxh6 Bg7 13. Qf4 Nd7 14. e5 Nb6 15. Rfe1 b4 16. Nb1 Nd5 17. Qd2 Bg4 18. Be4 a5 19. Bxd5 cxd5 20. Qf4 Bf5 21. Rd2 Rc8 22. Rc1 Qd7 23. Nh4 Rc6 24. Nxf5 Qxf5 25. Qxf5 gxf5 26. Re2 dxe5 27. dxe5 e6 28. Nd2 Bh6 29. c3 Rec8 30. c4 Bxd2 31. Rxd2 Rxc4 32. Rxc4 Rxc4 33. g3 Kg7 34. f4 f6 35. Re2 Rc7 36. h4 d4 37. exf6+ Kxf6 38. Kf2 d3 39. Rd2 Rc2 40. Ke3 Rxd2 41. Kxd2 e5 42. fxe5+ Kxe5 43. Kxd3 h6 44. Ke3 h5 45. b3 Kd5 46. Kf4 Kd4 47. Kxf5 Kc3 48. Kg5 Kb2 49. Kxh5 Kxa2 50. g4 a4 51. g5 axb3 52. g6 b2 53. g7 b1=Q 54. g8=Q+ b3 55. Qa8+ Kb2 56. Qg2+ Qc2 57. Qg7+ Qc3 58. Qg2+ Qc2 59. Qg7+ Qc3 60. Qg2+ 1/2-1/2

[Event "Tournoi des Presidents U1400"]
[Site "Chambly CAN"]
[Date "2025.09.24"]
[Round "3.17"]
[White "Monette, Andre"]
[Black "De Guise, Ronald"]
[Result "0-1"]
[WhiteElo "1145"]
[BlackElo "1296"]
[WhiteFideId "-1"]
[WhiteFideId "-1"]
[PlyCount "84"]
[GameId "2230372654665792"]
[EventDate "2025.09.10"]
[EventType "swiss"]
[EventRounds "4"]
[EventCountry "CAN"]

1. e4 e5 2. Nf3 d6 3. Bb5+ c6 4. Ba4 b5 5. Bb3 h6 6. c3 a5 7. a4 Bg4 8. d4 Be7 9. dxe5 Ra7 10. Be3 Rd7 11. e6 Bxe6 12. Bxe6 fxe6 13. Nh4 Bxh4 14. Qh5+ Rf7 15. g3 Be7 16. Nd2 Nf6 17. Qh3 e5 18. O-O O-O 19. f4 h5 20. f5 Ng4 21. Rf3 Nxe3 22. Rxe3 Bg5 23. Re2 Qb6+ 24. Kh1 Bxd2 25. Rxd2 c5 26. Qxh5 Rf6 27. Rd5 bxa4 28. Qd1 Rh6 29. Rb1 Nd7 30. b3 Nf6 31. bxa4 Qc6 32. Rxd6 Qxe4+ 33. Kg1 Ng4 34. Qd5+ Qxd5 35. Rxd5 Nxh2 36. Rxc5 Nf3+ 37. Kf2 Nd2 38. Re1 Rxf5+ 39. Ke2 Rh2+ 40. Kd1 Nb3 41. Rd5 Kh7 42. Rdxe5 Rd2# 0-1

[Event "Tournoi des Presidents U1400"]
[Site "Chambly CAN"]
[Date "2025.10.01"]
[Round "4.10"]
[White "Frechette, Gabriel"]
[Black "Bonin, Francis"]
[Result "0-1"]
[WhiteElo "1221"]
[BlackElo "1295"]
[WhiteFideId "-1"]
[WhiteFideId "-1"]
[PlyCount "112"]
[GameId "2230372654665805"]
[EventDate "2025.09.10"]
[EventType "swiss"]
[EventRounds "4"]
[EventCountry "CAN"]

1. d4 d5 2. c4 e6 3. Nf3 Nc6 4. g3 Nf6 5. Bg2 Be7 6. O-O O-O 7. Nbd2 Nd7 8. e4 dxc4 9. Nxc4 b5 10. Ne3 Nb6 11. e5 Bb7 12. Nc2 Nd5 13. Qd3 a6 14. h4 f6 15. Re1 Qd7 16. Bd2 f5 17. Rac1 Rac8 18. a3 b4 19. Ne3 a5 20. Nxd5 Qxd5 21. Ng5 Qxg2+ 22. Kxg2 Nxe5+ 23. Qf3 Bxf3+ 24. Nxf3 Nd3 25. Rxe6 Nxc1 26. Rxe7 Nb3 27. Be3 c5 28. dxc5 Nxc5 29. Ng5 h6 30. Nh3 Nd3 31. axb4 axb4 32. Rd7 Nxb2 33. Bd4 Rf7 34. Rxf7 Kxf7 35. Bxb2 Rc2 36. Bd4 b3 37. h5 b2 38. Bxb2 Rxb2 39. Nf4 Rd2 40. Kf3 Rd6 41. Ke3 Kf6 42. Ng6 Kg5 43. Nf4 Kg4 44. Ke2 Rd4 45. Ng2 Kxh5 46. Ke3 Ra4 47. Nf4+ Rxf4 48. Kxf4 Kg6 49. g4 fxg4 50. Kxg4 h5+ 51. Kh4 Kh6 52. f4 g6 53. Kg3 Kg7 54. Kf3 Kf6 55. Ke4 h4 56. Kf3 Kf5 0-1

[Event "Tournoi des Presidents U1400"]
[Site "Chambly CAN"]
[Date "2025.10.01"]
[Round "4.11"]
[White "St-Laurent, Luc"]
[Black "Hebert, Sebastien"]
[Result "1/2-1/2"]
[WhiteElo "1310"]
[BlackElo "1309"]
[WhiteFideId "-1"]
[WhiteFideId "-1"]
[PlyCount "65"]
[GameId "2230372654665806"]
[EventDate "2025.09.10"]
[EventType "swiss"]
[EventRounds "4"]
[EventCountry "CAN"]

1. d4 d5 2. Nf3 h6 3. g3 Nc6 4. Bg2 Nf6 5. O-O Bf5 6. c4 dxc4 7. Qa4 Be4 8. Nc3 Bxf3 9. Bxf3 Qd7 10. e3 e6 11. Qxc4 Be7 12. Rd1 O-O 13. a3 Rab8 14. b4 a6 15. Bb2 Na7 16. Qd3 Nd5 17. Ne4 Qb5 18. Qxb5 Nxb5 19. a4 Nd6 20. Nc5 Rfd8 21. Nd3 Nc4 22. b5 axb5 23. axb5 Nxb2 24. Nxb2 Nc3 25. Na4 Nxd1 26. Rxd1 b6 27. Nb2 f5 28. Ra1 g5 29. Nc4 Bd6 30. Ra7 g4 31. Bc6 h5 32. Kg2 Kh8 33. Kg1 1/2-1/2